000 00404nam a22001697a 4500
003 OSt
005 20220210150727.0
008 220210b |||||||| |||| 00| 0 eng d
020 _a139781259007330
040 _cHU
082 _a624.1834
100 _aNeeraj Kumar
_930177
245 _aFormwork For Concrete Structures
260 _aNew Delhi
_bMc GRAW-Hill
300 _f574
942 _2ddc
_cBOOKS
_n0
999 _c29888
_d29888